| 000 | 00551nam a22001817a 4500 | ||
|---|---|---|---|
| 005 | 20251108164901.0 | ||
| 008 | 250721s1996 xx 000 0 ara d | ||
| 082 | 1 | 4 | _a641.8/روا |
| 100 | 1 | _aالرواجبة، عايدة أحمد | |
| 245 | 1 | 0 | _a55 طريقة لصناعة التورتة و الكيك / |
| 264 | 1 |
_aعمان : _bدار الإسراء للنشر و التوزيع، _c1996. |
|
| 300 | _a80ص. | ||
| 490 | 0 | _aلك سيدتي ؛ 5 | |
| 650 | 1 | 7 | _aالسكاكر |
| 650 | 1 | 7 | _aالأغذية |
| 942 |
_2ddc _cBK |
||
| 999 |
_c16641 _d16641 |
||